| 000 | 00000nam##2200000za#4500 |
| 001 | 9.638825 |
| 003 | CaOODSP |
| 005 | 20210624221852 |
| 007 | cr ||||||||||| |
| 008 | 150407|2004||||xxc|||||o f|0| 0 fre|d |
| 020 | |a978-1-100-97494-1 |
| 040 | |aCaOODSP|bfre |
| 043 | |an-cn--- |
| 086 | 1 |aFo124-3/2004F-PDF |
| 110 | 1 |aCanada.|bRessources naturelles Canada. |bService canadien des forêts. |
| 245 | 10|aMeilleures pratiques pour la plantation d'arbres sur les terres agricoles marginales en Ontario / |h[ressource électronique]|c[par] Trevor J.R. White, Stephen W.J. Dominy et Darren J. Allen. |
| 260 | |aSault Ste. Marie - Ontario : |bRessources naturelles Canada. |cFévrier 2005. |
| 300 | |a108p.|bfigures, glossaire, tableaux |
| 504 | |aBibliographie. |
| 590 | |a12-29-Supp|b2012-06-25 |
| 691 | 07|aArbre|2gcpds |
| 720 | 1 |aWhite, Trevor J. R. |
| 720 | 1 |aDominy, Stephen W. J. |
| 720 | 1 |aAllen, Darren J. |
| 775 | 08|tReview of best practices for tree planting on marginal agriculture lands in Ontario / |w(CaOODSP)9.696419 |
| 856 | 40|ahttp://publications.gc.ca|qPDF|s3.38 Mo|uhttps://publications.gc.ca/collections/collection_2012/rncan-nrcan/Fo124-3-2004-fra.pdf |